[Event "5th Boris Kostic mem"]
[Site "Vrsac"]
[Date "1973.09.16"]
[Round "1"]
[White "Quinteros, Miguel Angel"]
[Black "Tringov, Georgi"]
[Result "1/2-1/2"]
[WhiteElo "2520"]
[BlackElo "2450"]
[EventDate "1973.09.16"]
[PlyCount "70"]
[Source "Perpetual Check"]

1.e4 c5 2.Nf3 Nc6 3.d4 cxd4 4.Nxd4 Nf6 5.Nc3 d6 6.Be2 e6 7.O-O Be7 8.Be3 
O-O 9.f4 a6 10.Bf3 Bd7 11.Qe2 Qc7 12.g4 Nxd4 13.Bxd4 Bc6 14.a4 e5 15.Be3 
exf4 16.Bxf4 Nd7 17.Qd2 Ne5 18.Be2 b6 19.Rf2 Qb7 20.Nd5 b5 21.axb5 axb5 
22.Raf1 Nc4 23.Nxe7+ Qxe7 24.Qd4 Ne5 25.Bd2 Rad8 26.Bf4 Rd7 27.Rg2 Re8 28.
g5 Qe6 29.Qc3 h6 30.Rff2 hxg5 31.Rxg5 Qh6 32.Qd2 Qh4 33.Qd4 Ng6 34.Rg4 Qe7
35.Bd3 Qe6 1/2-1/2

[Event "5th Boris Kostic mem"]
[Site "Vrsac"]
[Date "1973.09.16"]
[Round "1"]
[White "Buljovcic, Ivan"]
[Black "Forintos, Gyozo"]
[Result "1/2-1/2"]
[WhiteElo "2435"]
[BlackElo "2460"]
[EventDate "1973.09.16"]
[PlyCount "27"]
[Source "Perpetual Check"]

1.e4 g6 2.d4 Bg7 3.Nc3 c5 4.dxc5 Qa5 5.Ne2 Na6 6.Be3 Nxc5 7.Qd2 d6 8.f3 
Bd7 9.a3 Na4 10.Nxa4 Qxd2+ 11.Bxd2 Bxa4 12.O-O-O Rc8 13.Nc3 Bd7 14.Nd5 
1/2-1/2

[Event "5th Boris Kostic mem"]
[Site "Vrsac"]
[Date "1973.09.16"]
[Round "1"]
[White "Parma, Bruno"]
[Black "Krnic, Zdenko"]
[Result "1-0"]
[WhiteElo "2500"]
[BlackElo "2400"]
[EventDate "1973.09.16"]
[PlyCount "81"]
[Source "Perpetual Check"]

1.e4 c5 2.Nf3 e6 3.d4 cxd4 4.Nxd4 Nc6 5.Nc3 a6 6.Be2 Qc7 7.O-O b5 8.Nxc6 
Qxc6 9.Bf3 Bb7 10.Bf4 Ne7 11.Bd6 Ng6 12.e5 Qb6 13.Bxf8 Rxf8 14.Bxb7 Qxb7 
15.Qd4 Qc7 16.Rfe1 Qc4 17.Qd6 Qc6 18.a4 Qxd6 19.exd6 b4 20.Nd5 Kd8 21.Nb6 
Rb8 22.a5 Nf4 23.Red1 e5 24.Re1 Re8 25.g3 Ng6 26.Ra4 e4 27.Rxb4 f5 28.f4 
Re6 29.Rd4 Nh8 30.c4 Nf7 31.c5 Rh6 32.Rd5 Rf6 33.Kf2 Ke8 34.Ke3 g6 35.b4 
Nd8 36.Re5+ Re6 37.Rxe6+ dxe6 38.c6 Nxc6 39.Rc1 Nd8 40.Rc7 Rb7 41.b5 1-0

[Event "5th Boris Kostic mem"]
[Site "Vrsac"]
[Date "1973.09.16"]
[Round "1"]
[White "Radulov, Ivan"]
[Black "Kirov, Nino"]
[Result "1/2-1/2"]
[WhiteElo "2530"]
[BlackElo "2420"]
[EventDate "1973.09.16"]
[PlyCount "36"]
[Source "Perpetual Check"]

1.d4 Nf6 2.Nf3 d5 3.c4 c6 4.cxd5 cxd5 5.Nc3 Nc6 6.e3 Bf5 7.Bd3 Bxd3 8.Qxd3
e6 9.Ne5 Nxe5 10.dxe5 Nd7 11.e4 Nxe5 12.Qb5+ Qd7 13.Qxd7+ Kxd7 14.exd5 
Nd3+ 15.Ke2 Nxc1+ 16.Raxc1 e5 17.g4 Rc8 18.Ne4 Bd6 1/2-1/2

[Event "5th Boris Kostic mem"]
[Site "Vrsac"]
[Date "1973.09.17"]
[Round "2"]
[White "Velimirovic, Dragoljub"]
[Black "Uhlmann, Wolfgang"]
[Result "1-0"]
[WhiteElo "2510"]
[BlackElo "2560"]
[EventDate "1973.09.16"]
[PlyCount "55"]
[Source "Perpetual Check"]

1.e4 e6 2.d4 d5 3.Nc3 Bb4 4.e5 Ne7 5.a3 Bxc3+ 6.bxc3 c5 7.Qg4 Qc7 8.Bd3 h5
9.Qxg7 Rg8 10.Qh6 cxd4 11.Ne2 Nbc6 12.cxd4 Bd7 13.Be3 O-O-O 14.Qxh5 Nf5 
15.Bxf5 exf5 16.Nf4 Nxe5 17.O-O Rh8 18.Qe2 Ng6 19.g3 Nxf4 20.Bxf4 Qc6 21.
Qe5 Be6 22.Rab1 Kd7 23.Rfe1 b6 24.a4 Rhf8 25.a5 Rb8 26.c4 Rbc8 27.axb6 
axb6 28.Ra1 1-0

[Event "5th Boris Kostic mem"]
[Site "Vrsac"]
[Date "1973.09.17"]
[Round "2"]
[White "Zuckerman, Bernard"]
[Black "Parma, Bruno"]
[Result "1/2-1/2"]
[WhiteElo "2455"]
[BlackElo "2500"]
[EventDate "1973.09.16"]
[PlyCount "23"]
[Source "Perpetual Check"]

1.e4 d6 2.d4 Nf6 3.Nc3 g6 4.Nf3 Bg7 5.Be2 O-O 6.O-O Nc6 7.d5 Nb8 8.h3 c6 
9.a4 Qc7 10.Bf4 Nbd7 11.Re1 a5 12.Nd2 1/2-1/2

[Event "5th Boris Kostic mem"]
[Site "Vrsac"]
[Date "1973.09.17"]
[Round "2"]
[White "Forintos, Gyozo"]
[Black "Quinteros, Miguel Angel"]
[Result "1/2-1/2"]
[WhiteElo "2460"]
[BlackElo "2520"]
[EventDate "1973.09.16"]
[PlyCount "79"]
[Source "Perpetual Check"]

1.d4 Nf6 2.c4 c5 3.d5 d6 4.Nc3 g6 5.e4 Bg7 6.Be2 e6 7.Nf3 O-O 8.O-O Re8 9.
h3 Na6 10.Bf4 exd5 11.exd5 Ne4 12.Nxe4 Rxe4 13.Bg5 Qc7 14.Qd2 Bd7 15.Bd3 
Ree8 16.a3 b5 17.cxb5 c4 18.Bxc4 Qxc4 19.bxa6 Re2 20.Qf4 Qxa6 21.Bf6 Rae8 
22.Bxg7 Kxg7 23.Qd4+ Kg8 24.Rac1 Qb6 25.Qxb6 axb6 26.b3 Rb2 27.Rc3 Rc8 28.
Rfc1 Rc5 29.Rxc5 bxc5 30.b4 cxb4 31.axb4 Rxb4 32.Rc7 Be8 33.Rc1 Rb5 34.Rd1
f6 35.Nh2 f5 36.Nf1 Bf7 37.Ne3 Rb4 38.g3 Kg7 39.Kg2 Kf6 40.f4 1/2-1/2

[Event "5th Boris Kostic mem"]
[Site "Vrsac"]
[Date "1973.09.17"]
[Round "2"]
[White "Tringov, Georgi"]
[Black "Radulov, Ivan"]
[Result "1/2-1/2"]
[WhiteElo "2450"]
[BlackElo "2530"]
[EventDate "1973.09.16"]
[PlyCount "26"]
[Source "Perpetual Check"]

1.e4 c6 2.d4 d5 3.Nc3 dxe4 4.Nxe4 Nf6 5.Nxf6+ exf6 6.Bc4 Qe7+ 7.Qe2 Be6 8.
Bxe6 Qxe6 9.Bf4 Na6 10.O-O-O O-O-O 11.Qxe6+ fxe6 12.Nf3 Bd6 13.Bxd6 Rxd6 
1/2-1/2

[Event "5th Boris Kostic mem"]
[Site "Vrsac"]
[Date "1973.09.17"]
[Round "2"]
[White "Masic, Ljubomir"]
[Black "Buljovcic, Ivan"]
[Result "0-1"]
[WhiteElo "2360"]
[BlackElo "2435"]
[EventDate "1973.09.16"]
[PlyCount "81"]
[Source "Perpetual Check"]

1.Nf3 d5 2.c4 d4 3.g3 c5 4.Bg2 Nc6 5.O-O e5 6.d3 Nf6 7.e3 Be7 8.exd4 exd4 
9.a3 O-O 10.Bg5 Bf5 11.Nh4 Bg4 12.f3 Bd7 13.Bh1 h6 14.Bc1 Qc7 15.Nd2 Rae8 
16.Ng2 Ne5 17.Qc2 Bc6 18.f4 Neg4 19.Nf3 Bd6 20.Bd2 b6 21.Rae1 Qb7 22.Ngh4 
g6 23.b4 a6 24.Qc1 Ne3 25.b5 axb5 26.cxb5 Bd5 27.Bxe3 dxe3 28.Rxe3 Rxe3 
29.Qxe3 c4 30.Bg2 Ng4 31.Qd2 cxd3 32.h3 Bc5+ 33.Kh1 Ne3 34.Re1 Nxg2 35.
Kxg2 Be4 36.g4 Ra8 37.Kg3 Rxa3 38.Ne5 Qd5 39.Nd7 Qxd7 40.Rxe4 Ra8 41.Nf3 
0-1

[Event "5th Boris Kostic mem"]
[Site "Vrsac"]
[Date "1973.09.18"]
[Round "3"]
[White "Parma, Bruno"]
[Black "Velimirovic, Dragoljub"]
[Result "1/2-1/2"]
[WhiteElo "2500"]
[BlackElo "2510"]
[EventDate "1973.09.16"]
[PlyCount "42"]
[Source "Perpetual Check"]

1.e4 c5 2.Nf3 Nc6 3.d4 cxd4 4.Nxd4 g6 5.c4 Bg7 6.Be3 Nf6 7.Nc3 d6 8.Be2 
Nd7 9.O-O O-O 10.Qd2 Nc5 11.Rad1 Bd7 12.f3 a5 13.b3 Nxd4 14.Bxd4 Bc6 15.
Bxg7 Kxg7 16.Qe3 Qb6 17.e5 dxe5 18.Qxe5+ Kg8 19.Kh1 e6 20.Nb5 Bxb5 21.cxb5
Rfd8 1/2-1/2

[Event "5th Boris Kostic mem"]
[Site "Vrsac"]
[Date "1973.09.18"]
[Round "3"]
[White "Radulov, Ivan"]
[Black "Forintos, Gyozo"]
[Result "1/2-1/2"]
[WhiteElo "2530"]
[BlackElo "2460"]
[EventDate "1973.09.16"]
[PlyCount "104"]
[Source "Perpetual Check"]

1.e4 c5 2.Nf3 Nc6 3.d4 cxd4 4.Nxd4 g6 5.c4 Nf6 6.Nc3 Nxd4 7.Qxd4 d6 8.Be2 
Bg7 9.Be3 Be6 10.O-O O-O 11.Qd2 Qa5 12.f3 Rfc8 13.b3 Ng4 14.Bd4 Bxd4+ 15.
Qxd4 Qe5 16.Qxe5 Nxe5 17.f4 Nc6 18.f5 Bd7 19.f6 Nd4 20.fxe7 Nxe2+ 21.Nxe2 
Re8 22.Nc3 Bc6 23.Rad1 Rxe7 24.Rxd6 Kg7 25.Rdf6 Rf8 26.R6f4 g5 27.Rf5 h6 
28.h4 Kg6 29.Rf6+ Kg7 30.hxg5 hxg5 31.R6f5 Kg6 32.e5 Rd8 33.Rf6+ Kh5 34.
Rd6 Rde8 35.Nd5 Bxd5 36.Rxd5 b6 37.Rf5 Kg4 38.e6 fxe6 39.Rxg5+ Kf4 40.Rde5
Rd8 41.Rgf5+ Kg4 42.Rf1 Rd2 43.Rfe1 Rf7 44.R5e2 Rxe2 45.Rxe2 Rd7 46.Kf2 
Kf5 47.b4 Rc7 48.Rc2 Ke4 49.Rc1 Kd3 50.Rd1+ Kc3 51.c5 bxc5 52.bxc5 Rxc5 
1/2-1/2

[Event "5th Boris Kostic mem"]
[Site "Vrsac"]
[Date "1973.09.18"]
[Round "3"]
[White "Buljovcic, Ivan"]
[Black "Hecht, Hans-Joachim"]
[Result "1/2-1/2"]
[WhiteElo "2435"]
[BlackElo "2505"]
[EventDate "1973.09.16"]
[PlyCount "98"]
[Source "Perpetual Check"]

1.e4 c5 2.c3 e6 3.d4 d5 4.exd5 exd5 5.Nf3 Nc6 6.Bb5 Bd6 7.O-O Ne7 8.Nbd2 
O-O 9.dxc5 Bxc5 10.Nb3 Bd6 11.Nbd4 Bg4 12.Be2 Re8 13.Be3 a6 14.Qd3 Bh5 15.
Rad1 Qc7 16.Rfe1 Bg6 17.Qd2 Na5 18.Bg5 h6 19.Bh4 Bf4 20.Bg3 Bxg3 21.hxg3 
Rad8 22.Qf4 Qb6 23.b3 Nac6 24.Bd3 Bxd3 25.Rxd3 Ng6 26.Qd2 Nce5 27.Nxe5 
Rxe5 28.Nf3 Rxe1+ 29.Nxe1 Ne7 30.Nf3 Rc8 31.Nd4 Qc7 32.Qe2 Rd8 33.Qh5 Qd6 
34.Nf5 Nxf5 35.Qxf5 Qe6 36.Qf3 b5 37.Re3 Qd6 38.Rd3 Qe5 39.Re3 Qd6 40.Rd3 
Qe5 41.Kf1 g6 42.Qd1 Kg7 43.g4 Rc8 44.Qd2 Qe4 45.Rd4 Qb1+ 46.Ke2 Re8+ 47.
Kf3 Re5 48.Kg3 g5 49.Rxd5 Rxd5 1/2-1/2

[Event "5th Boris Kostic mem"]
[Site "Vrsac"]
[Date "1973.09.18"]
[Round "3"]
[White "Kirov, Nino"]
[Black "Tringov, Georgi"]
[Result "1/2-1/2"]
[WhiteElo "2420"]
[BlackElo "2450"]
[EventDate "1973.09.16"]
[PlyCount "32"]
[Source "Perpetual Check"]

1.e4 e5 2.Nf3 Nc6 3.Bb5 a6 4.Ba4 Nf6 5.O-O Be7 6.Bxc6 dxc6 7.d3 Nd7 8.Nbd2
O-O 9.Nc4 f6 10.Nh4 Nc5 11.Nf5 Bxf5 12.exf5 Qd7 13.Qf3 b6 14.b3 Nb7 15.Bb2
Nd6 16.Nxd6 Bxd6 1/2-1/2

[Event "5th Boris Kostic mem"]
[Site "Vrsac"]
[Date "1973.09.18"]
[Round "3"]
[White "Quinteros, Miguel Angel"]
[Black "Masic, Ljubomir"]
[Result "1-0"]
[WhiteElo "2520"]
[BlackElo "2360"]
[EventDate "1973.09.16"]
[PlyCount "68"]
[Source "Perpetual Check"]

1.e4 c5 2.Nf3 d6 3.d4 cxd4 4.Nxd4 Nf6 5.Nc3 Nc6 6.Be2 e5 7.Nb3 Be7 8.Bg5 
O-O 9.Bxf6 Bxf6 10.Nd5 Bg5 11.Bc4 g6 12.Qe2 h5 13.O-O Kh7 14.Rad1 Rb8 15.
c3 Bh6 16.Ne3 Qe7 17.Bd5 Bd7 18.a4 Nd8 19.a5 Ne6 20.g3 Ng5 21.h4 Nh3+ 22.
Kg2 Nf4+ 23.gxf4 exf4 24.Nc4 Qxh4 25.Rh1 Qg5+ 26.Kf1 f3 27.Qxf3 Bg4 28.Qd3
Bxd1 29.Qxd1 f5 30.Nd4 Rbe8 31.exf5 Rf6 32.Rg1 Qh4 33.Rxg6 Rxg6 34.fxg6+ 
Kh8 1-0

[Event "5th Boris Kostic mem"]
[Site "Vrsac"]
[Date "1973.09.20"]
[Round "4"]
[White "Uhlmann, Wolfgang"]
[Black "Parma, Bruno"]
[Result "1/2-1/2"]
[WhiteElo "2560"]
[BlackElo "2500"]
[EventDate "1973.09.16"]
[PlyCount "112"]
[Source "Perpetual Check"]

1.c4 c5 2.Nf3 Nc6 3.Nc3 Nf6 4.d4 cxd4 5.Nxd4 e6 6.g3 Bc5 7.Nb3 Bb4 8.Bg2 
d5 9.cxd5 exd5 10.O-O Be6 11.Bg5 O-O 12.Nxd5 Bxd5 13.Bxf6 Qxf6 14.Qxd5 
Qxb2 15.Qb5 Rab8 16.e3 Qa3 17.Rfc1 Be7 18.Nc5 Rbc8 19.Qxb7 Bxc5 20.Bxc6 
Bb6 21.Qd7 Rcd8 22.Qf5 Rd2 23.Rc2 g6 24.Qe4 Rxc2 25.Qxc2 Rd8 26.Bb5 Kg7 
27.Bc4 Qe7 28.Bb3 Rd7 29.Rd1 Rxd1+ 30.Qxd1 Qd8 31.Qf3 Qf6 32.Qb7 Qf5 33.
Kg2 h5 34.h3 Kf8 35.Bc4 Kg7 36.Qe7 Bc5 37.Qe8 Bb6 38.Bb3 Qf6 39.f4 Qb2+ 
40.Kf3 Qf6 41.h4 Bc5 42.Bxf7 Qxf7 43.Qe5+ Kh7 44.Qxc5 Qxa2 45.Qe7+ Kg8 46.
Qg5 Kh7 47.Qe7+ Kg8 48.Qd8+ Kg7 49.f5 gxf5 50.Qg5+ Kf8 51.Qxf5+ Qf7 52.g4 
a5 53.Ke2 hxg4 54.Qc8+ Ke7 55.Qxg4 Qa2+ 56.Kf3 a4 1/2-1/2

[Event "5th Boris Kostic mem"]
[Site "Vrsac"]
[Date "1973.09.20"]
[Round "4"]
[White "Hecht, Hans-Joachim"]
[Black "Quinteros, Miguel Angel"]
[Result "1/2-1/2"]
[WhiteElo "2505"]
[BlackElo "2520"]
[EventDate "1973.09.16"]
[PlyCount "123"]
[Source "Perpetual Check"]

1.e4 c5 2.Nc3 d6 3.g3 Nc6 4.Bg2 g6 5.d3 Bg7 6.Nf3 Bg4 7.h3 Bxf3 8.Bxf3 e6 
9.h4 h5 10.O-O Qd7 11.Bg2 Nf6 12.Ne2 d5 13.c3 d4 14.c4 e5 15.a3 a5 16.Bd2 
O-O 17.f3 Kh7 18.Kh2 Bh6 19.Bh3 Qe7 20.Bg5 Bxg5 21.hxg5 Ne8 22.f4 f6 23.
gxf6 Rxf6 24.Qd2 Ng7 25.fxe5 Rxf1 26.Rxf1 Nxe5 27.Kg2 Rf8 28.Rxf8 Qxf8 29.
Ng1 b6 30.b3 Qf6 31.Qe2 g5 32.Bf5+ Nxf5 33.exf5 Ng4 34.Qe6 Ne3+ 35.Kf2 Kg7
36.Qd7+ Qf7 37.Qxf7+ Kxf7 38.Nf3 Kf6 39.b4 Ng4+ 40.Ke2 axb4 41.axb4 Kxf5 
42.bxc5 bxc5 43.Nd2 h4 44.gxh4 gxh4 45.Ne4 h3 46.Kf1 Ne3+ 47.Kg1 Nxc4 48.
Nxc5 Nd2 49.Kh2 Kg4 50.Ne6 Nb3 51.Nd8 Na5 52.Kg1 Kg3 53.Kh1 Nb3 54.Ne6 Kh4
55.Kg1 Kg4 56.Kh2 Kh4 57.Nf4 Nd2 58.Ng6+ Kh5 59.Ne5 Kh4 60.Ng6+ Kg5 61.Ne5
Kf5 62.Nc6 1/2-1/2

[Event "5th Boris Kostic mem"]
[Site "Vrsac"]
[Date "1973.09.20"]
[Round "4"]
[White "Krnic, Zdenko"]
[Black "Buljovcic, Ivan"]
[Result "1-0"]
[WhiteElo "2400"]
[BlackElo "2435"]
[EventDate "1973.09.16"]
[PlyCount "63"]
[Source "Perpetual Check"]

1.e4 c5 2.Nf3 d6 3.d4 cxd4 4.Qxd4 Nc6 5.Bb5 Qd7 6.Bxc6 Qxc6 7.Nc3 Bg4 8.
Bg5 a6 9.Nd2 Rc8 10.f4 f6 11.Bh4 e5 12.Qe3 Be6 13.Bf2 Ne7 14.O-O exf4 15.
Qxf4 Ng6 16.Qg3 Be7 17.Nf3 O-O 18.Nd4 Qd7 19.Nd5 Bd8 20.a4 Re8 21.b3 Bf7 
22.Rfe1 Ba5 23.Re3 Bxd5 24.exd5 Rxe3 25.Qxe3 Bc3 26.Ra2 Ne5 27.h3 Qf7 28.
Ne2 Bb4 29.c4 Bc5 30.Qg3 Bxf2+ 31.Qxf2 Nd3 32.Qf5 1-0

[Event "5th Boris Kostic mem"]
[Site "Vrsac"]
[Date "1973.09.20"]
[Round "4"]
[White "Masic, Ljubomir"]
[Black "Radulov, Ivan"]
[Result "0-1"]
[WhiteElo "2360"]
[BlackElo "2530"]
[EventDate "1973.09.16"]
[PlyCount "104"]
[Source "Perpetual Check"]

1.c4 Nf6 2.Nf3 e6 3.Nc3 d5 4.d4 Be7 5.Bg5 O-O 6.e3 b6 7.Bxf6 Bxf6 8.cxd5 
exd5 9.Qd2 Bb7 10.Be2 Qe7 11.O-O Rd8 12.b4 Nd7 13.Rab1 Nf8 14.Rfc1 Ne6 15.
Qb2 Rab8 16.b5 g6 17.Qb3 Kg7 18.g3 h5 19.Bf1 h4 20.Bg2 Qd6 21.Nxh4 Bxh4 
22.gxh4 Rh8 23.Bxd5 Rxh4 24.Bxb7 Rxb7 25.Qd5 Qxh2+ 26.Kf1 Rb8 27.Qg2 Qd6 
28.Ne4 Qd5 29.Ng3 Qg5 30.Rc6 Rbh8 31.d5 Nc5 32.Qf3 Qe5 33.Rd1 Nd7 34.Kg1 
Nf6 35.d6 cxd6 36.Rcxd6 Ne4 37.Rd7 Ng5 38.Qd5 Qf6 39.Kf1 Rh2 40.f4 Ne6 41.
Ne4 Rh1+ 42.Ke2 R8h2+ 43.Kf3 Rh3+ 44.Ke2 Nxf4+ 45.exf4 R1h2+ 46.Nf2 Rxf2+ 
47.Kxf2 Qxf4+ 48.Kg1 Rg3+ 49.Qg2 Qe3+ 50.Kh2 Rxg2+ 51.Kxg2 Qe2+ 52.Kg1 
Qxa2 0-1

[Event "5th Boris Kostic mem"]
[Site "Vrsac"]
[Date "1973.09.20"]
[Round "4"]
[White "Forintos, Gyozo"]
[Black "Kirov, Nino"]
[Result "1/2-1/2"]
[WhiteElo "2460"]
[BlackElo "2420"]
[EventDate "1973.09.16"]
[PlyCount "112"]
[Source "Perpetual Check"]

1.d4 d5 2.c4 c6 3.Nf3 Nf6 4.Nc3 dxc4 5.a4 Bg4 6.e3 e5 7.dxe5 Qxd1+ 8.Nxd1 
Ne4 9.Bxc4 Bb4+ 10.Ke2 Nd7 11.h3 Nxe5 12.Bxf7+ Kxf7 13.hxg4 Nxg4 14.Rh4 h5
15.Ne5+ Nxe5 16.Rxe4 Bd6 17.Nc3 Rad8 18.Bd2 Nd7 19.Rc4 Nb6 20.Re4 Rhe8 21.
Rh4 g6 22.a5 Nd7 23.Ne4 Be5 24.Bc3 Nf6 25.Nxf6 Kxf6 26.Rf4+ Kg7 27.Rb4 Rb8
28.Rd1 Bxc3 29.Rd7+ Kh6 30.bxc3 b5 31.a6 c5 32.Rb2 b4 33.cxb4 cxb4 34.Rxa7
Re6 35.Rb3 Rc6 36.f4 g5 37.Kf3 gxf4 38.exf4 Rbb6 39.Ra8 Rxa6 40.Rxa6 Rxa6 
41.Rxb4 Ra3+ 42.Ke4 Rg3 43.Rb2 Kg6 44.f5+ Kf6 45.Rb6+ Kf7 46.Ke5 Rxg2 47.
Rb7+ Kg8 48.Kf6 Ra2 49.Kg6 Rg2+ 50.Kf6 Ra2 51.Rg7+ Kf8 52.Rh7 Ra6+ 53.Kg5 
h4 54.Kxh4 Kg8 55.Rb7 Kf8 56.Kg5 Rc6 1/2-1/2

[Event "5th Boris Kostic mem"]
[Site "Vrsac"]
[Date "1973.09.21"]
[Round "5"]
[White "Buljovcic, Ivan"]
[Black "Zuckerman, Bernard"]
[Result "1-0"]
[WhiteElo "2435"]
[BlackElo "2455"]
[EventDate "1973.09.16"]
[PlyCount "139"]
[Source "Perpetual Check"]

1.e4 c5 2.c3 Nf6 3.e5 Nd5 4.d4 cxd4 5.Nf3 Nc6 6.cxd4 d6 7.Nc3 dxe5 8.dxe5 
Nxc3 9.Qxd8+ Nxd8 10.bxc3 Bd7 11.Be3 g6 12.Nd4 Bg7 13.f4 Rc8 14.Kd2 O-O 
15.Bd3 Nc6 16.Rhb1 b6 17.a4 Rfd8 18.Nxc6 Bxc6 19.g3 f6 20.Bd4 fxe5 21.fxe5
Bd5 22.a5 Bc4 23.Bxc4+ Rxc4 24.axb6 axb6 25.Kd3 Rcxd4+ 26.cxd4 Bxe5 27.Ra4
Rd6 28.Rb5 Bf6 29.Rab4 Kg7 30.Rxb6 Rd8 31.Ke4 h5 32.d5 Ra8 33.d6 exd6 34.
Rxd6 Re8+ 35.Kf3 Rf8 36.Kg2 Bc3 37.Rf4 Rf7 38.Rc4 Bb2 39.Rcc6 Rf6 40.Rxf6 
Bxf6 41.Kf3 Bb2 42.Ke4 Kf7 43.Kd5 Ba1 44.Re6 Bc3 45.Kd6 Bf6 46.Re1 Bc3 47.
Rf1+ Kg7 48.Ke6 Bd4 49.Rd1 Bc3 50.Rd7+ Kg8 51.Kd5 Bb2 52.Ke4 Bc3 53.Kf4 
Bf6 54.g4 hxg4 55.Kxg4 Kf8 56.Kf4 Kg8 57.Ke4 Kf8 58.Rc7 Kg8 59.Kd5 Bb2 60.
Ke6 Ba1 61.Rf7 Bc3 62.Rc7 Ba1 63.h4 Bb2 64.Rc2 Bd4 65.Rc4 Bb2 66.Rg4 Kh7 
67.Kf7 Kh6 68.Rxg6+ Kh5 69.Rg2 Bc3 70.Rh2 1-0

[Event "5th Boris Kostic mem"]
[Site "Vrsac"]
[Date "1973.09.21"]
[Round "5"]
[White "Tringov, Georgi"]
[Black "Forintos, Gyozo"]
[Result "1/2-1/2"]
[WhiteElo "2450"]
[BlackElo "2460"]
[EventDate "1973.09.16"]
[PlyCount "40"]
[Source "Perpetual Check"]

1.e4 e5 2.Nf3 Nc6 3.Bb5 a6 4.Ba4 Nf6 5.O-O Be7 6.Re1 b5 7.Bb3 d6 8.c3 O-O 
9.h3 Nb8 10.d3 c5 11.Nbd2 Qc7 12.Nf1 c4 13.Bc2 cxd3 14.Qxd3 Be6 15.Ng3 
Nbd7 16.Nh4 Nc5 17.Qf3 d5 18.exd5 Bxd5 19.Qe3 Rfe8 20.Nhf5 Bf8 1/2-1/2

[Event "5th Boris Kostic mem"]
[Site "Vrsac"]
[Date "1973.09.21"]
[Round "5"]
[White "Kirov, Nino"]
[Black "Masic, Ljubomir"]
[Result "1-0"]
[WhiteElo "2420"]
[BlackElo "2360"]
[EventDate "1973.09.16"]
[PlyCount "67"]
[Source "Perpetual Check"]

1.Nf3 Nf6 2.c4 g6 3.Nc3 Bg7 4.g3 O-O 5.Bg2 d6 6.O-O e5 7.d4 Nbd7 8.e4 c6 
9.h3 Re8 10.Re1 exd4 11.Nxd4 Nb6 12.b3 d5 13.exd5 Rxe1+ 14.Qxe1 Nfxd5 15.
cxd5 Bxd4 16.dxc6 bxc6 17.Bh6 Bd7 18.Rd1 Qf6 19.Ne4 Qe5 20.Qd2 Bb2 21.Bf4 
Qg7 22.Nc5 Be8 23.Bh6 Qf6 24.Ne4 Qh8 25.Qd6 Bd7 26.Bg5 Be5 27.Qe7 Be6 28.
Nf6+ Kg7 29.Ng4 h6 30.Bxh6+ Kh7 31.Qh4 Bxg4 32.hxg4 Nd5 33.Bxd5 cxd5 34.
Rxd5 1-0

[Event "5th Boris Kostic mem"]
[Site "Vrsac"]
[Date "1973.09.21"]
[Round "5"]
[White "Radulov, Ivan"]
[Black "Hecht, Hans-Joachim"]
[Result "0-1"]
[WhiteElo "2530"]
[BlackElo "2505"]
[EventDate "1973.09.16"]
[PlyCount "120"]
[Source "Perpetual Check"]

1.e4 c5 2.Nf3 e6 3.d3 Nc6 4.g3 g6 5.Bg2 Bg7 6.O-O Nge7 7.c3 d5 8.Qe2 d4 9.
c4 e5 10.Ne1 Be6 11.Bd2 O-O 12.a3 a6 13.f4 f6 14.a4 Qd7 15.Na3 Nb4 16.Nac2
Nec6 17.Nxb4 cxb4 18.Nc2 a5 19.Ne1 Nb8 20.f5 gxf5 21.exf5 Bxf5 22.Bxb7 
Qxb7 23.Rxf5 Na6 24.b3 Nc5 25.Qd1 Rae8 26.Bc1 Qc8 27.g4 e4 28.Bf4 Re5 29.
dxe4 Nxe4 30.Bxe5 fxe5 31.Qf3 Nc3 32.Rxf8+ Qxf8 33.c5 e4 34.Qf5 Qxf5 35.
gxf5 Kf7 36.Ng2 d3 37.Kf1 Bh6 38.Kf2 d2 39.Ne3 Ke7 40.f6+ Kd7 41.f7 Bf8 
42.Rd1 Nxd1+ 43.Nxd1 Bxc5+ 44.Ke2 Ke7 45.Kxd2 Kxf7 46.Ne3 Bd6 47.Nc4 Bxh2 
48.Nxa5 Ke6 49.Nc6 Bd6 50.a5 Kd5 51.Nd8 h5 52.a6 Bc5 53.Nf7 h4 54.Ng5 Ba7 
55.Ke2 Ke5 56.Nh3 Kf5 57.Nf2 Kf4 58.Nh3+ Kg3 59.Ng5 h3 60.Nxe4+ Kg2 0-1

[Event "5th Boris Kostic mem"]
[Site "Vrsac"]
[Date "1973.09.21"]
[Round "5"]
[White "Quinteros, Miguel Angel"]
[Black "Krnic, Zdenko"]
[Result "1/2-1/2"]
[WhiteElo "2520"]
[BlackElo "2400"]
[EventDate "1973.09.16"]
[PlyCount "129"]
[Source "Perpetual Check"]

1.e4 c5 2.Nf3 Nc6 3.d4 cxd4 4.Nxd4 e6 5.Nb5 d6 6.Bf4 e5 7.Be3 a6 8.N5c3 
Nf6 9.Bc4 Be7 10.Nd5 Nxd5 11.Bxd5 O-O 12.Na3 Kh8 13.Nc4 f5 14.exf5 Bxf5 
15.c3 Qe8 16.f3 Qg6 17.O-O Bd3 18.Rf2 Bh4 19.Rd2 e4 20.Bxe4 Bxe4 21.fxe4 
Qxe4 22.Bd4 Nxd4 23.cxd4 Rae8 24.Qb1 d5 25.Qxe4 Rxe4 26.Ne5 Rxd4 27.Rxd4 
Bf2+ 28.Kf1 Bxd4+ 29.Nf3 g5 30.h3 Bf6 31.Rc1 Rf7 32.b3 Kg7 33.Ke2 Kg6 34.
Rc5 Rd7 35.g4 h5 36.Kd3 h4 37.Rc1 Kf7 38.Rf1 Kg6 39.Nd4 Re7 40.Nf3 Rc7 41.
Nd4 b5 42.a3 Re7 43.Rc1 Re4 44.Nf5 Rf4 45.Ke2 b4 46.Rc6 a5 47.Ra6 bxa3 48.
Rxa5 Re4+ 49.Kd3 Rf4 50.Ke2 Bb2 51.Ne7+ Kf7 52.Nxd5 Re4+ 53.Kf1 Rd4 54.Ne3
Rd3 55.Nc2 Rf3+ 56.Kg2 Rg3+ 57.Kh2 Bc1 58.Nxa3 Rxb3 59.Nc4 Bf4+ 60.Kg2 
Rg3+ 61.Kf2 Ke6 62.Ra3 Kd5 63.Ne3+ Kc5 64.Nc2 Rxa3 65.Nxa3 1/2-1/2

[Event "5th Boris Kostic mem"]
[Site "Vrsac"]
[Date "1973.09.22"]
[Round "6"]
[White "Velimirovic, Dragoljub"]
[Black "Buljovcic, Ivan"]
[Result "1/2-1/2"]
[WhiteElo "2510"]
[BlackElo "2435"]
[EventDate "1973.09.16"]
[PlyCount "115"]
[Source "Perpetual Check"]

1.e4 c5 2.Nf3 d6 3.d4 cxd4 4.Nxd4 Nf6 5.Nc3 a6 6.Bg5 Nbd7 7.f4 Qb6 8.Qd2 
e6 9.O-O-O Be7 10.g4 h6 11.Bxf6 Bxf6 12.h4 Qxd4 13.Qxd4 Bxd4 14.Rxd4 Ke7 
15.Bg2 Nf6 16.Rhd1 g5 17.e5 dxe5 18.fxe5 Nd7 19.hxg5 hxg5 20.Bxb7 Ra7 21.
Bxc8 Rxc8 22.Re1 Rc5 23.Rde4 Rac7 24.R1e2 Rc4 25.Kd2 Rxe4 26.Rxe4 Rc5 27.
b4 Rxe5 28.a4 a5 29.Rxe5 Nxe5 30.bxa5 Kd7 31.Ne4 Nxg4 32.Kc3 Ne3 33.Kd3 
Nd5 34.Nxg5 f6 35.Ne4 f5 36.Nc5+ Kd6 37.Kc4 Nc7 38.a6 Kc6 39.a5 f4 40.Nd3 
Nxa6 41.Nxf4 Nc7 42.Nd3 Kd6 43.Nb4 e5 44.a6 Na8 45.c3 Nc7 46.a7 e4 47.Kb3 
Na8 48.Kc4 Nc7 49.Na6 Na8 50.Kb5 e3 51.Nb4 e2 52.Nd3 Kc7 53.Ka6 Kc6 54.
Nb4+ Kc7 55.Nc2 Kc8 56.Ne1 Kc7 57.Nf3 Kc8 58.c4 1/2-1/2

[Event "5th Boris Kostic mem"]
[Site "Vrsac"]
[Date "1973.09.22"]
[Round "6"]
[White "Zuckerman, Bernard"]
[Black "Quinteros, Miguel Angel"]
[Result "1/2-1/2"]
[WhiteElo "2455"]
[BlackElo "2520"]
[EventDate "1973.09.16"]
[PlyCount "118"]
[Source "Perpetual Check"]

1.e4 c5 2.Nf3 e6 3.d4 cxd4 4.Nxd4 a6 5.Nc3 Qc7 6.g3 Bb4 7.Ne2 Nf6 8.Bg2 d6
9.O-O Nbd7 10.a3 Bc5 11.b3 O-O 12.Bb2 Ne5 13.h3 b5 14.Kh2 Bb7 15.Nf4 Ned7 
16.Qe2 Bd4 17.Nd1 Bxb2 18.Nxb2 Qc3 19.Ra2 Rac8 20.Nd1 Qc7 21.Nd3 e5 22.Nb4
Nc5 23.Nc3 Ne6 24.Ncd5 Nxd5 25.exd5 Nd4 26.Qd2 Qc3 27.Rd1 Qxd2 28.Rxd2 Rc3
29.Nc6 Bxc6 30.dxc6 a5 31.Ra1 Rd8 32.Re1 b4 33.axb4 axb4 34.Ra1 Nxc6 35.
Ra4 Nd4 36.Rxb4 Kf8 37.Rc4 Rc8 38.Rxc8+ Rxc8 39.c4 Rb8 40.Bd5 Rxb3 41.Ra2 
Rb8 42.Ra7 Ne6 43.Rd7 Rb6 44.Kg2 h6 45.Bxe6 fxe6 46.c5 dxc5 47.Rc7 Rb5 48.
Kf3 Rb3+ 49.Ke4 Rb2 50.Kxe5 Rxf2 51.Kxe6 Kg8 52.Rxc5 Rf3 53.g4 Rxh3 54.Kf5
Rf3+ 55.Kg6 Rf6+ 56.Kh5 Kh7 57.g5 g6+ 58.Kh4 Rf4+ 59.Kg3 hxg5 1/2-1/2

[Event "5th Boris Kostic mem"]
[Site "Vrsac"]
[Date "1973.09.22"]
[Round "6"]
[White "Krnic, Zdenko"]
[Black "Radulov, Ivan"]
[Result "1/2-1/2"]
[WhiteElo "2400"]
[BlackElo "2530"]
[EventDate "1973.09.16"]
[PlyCount "40"]
[Source "Perpetual Check"]

1.e4 c5 2.Nf3 Nc6 3.d4 cxd4 4.Nxd4 Nf6 5.Nc3 d6 6.Bc4 Qb6 7.Nxc6 bxc6 8.
O-O e6 9.b3 Be7 10.Bb2 O-O 11.Qe2 Nd7 12.Na4 Qc7 13.f4 Nb6 14.Nxb6 axb6 
15.a4 Re8 16.Rf3 b5 17.Rg3 g6 18.Qh5 Bf8 19.f5 Bg7 20.Bxg7 gxh5 1/2-1/2

[Event "5th Boris Kostic mem"]
[Site "Vrsac"]
[Date "1973.09.22"]
[Round "6"]
[White "Hecht, Hans-Joachim"]
[Black "Kirov, Nino"]
[Result "1/2-1/2"]
[WhiteElo "2505"]
[BlackElo "2420"]
[EventDate "1973.09.16"]
[PlyCount "62"]
[Source "Perpetual Check"]

1.e4 c5 2.Nf3 e6 3.Nc3 a6 4.d4 cxd4 5.Nxd4 Nc6 6.Be3 Qc7 7.Bd3 Nf6 8.O-O 
Ne5 9.h3 Bc5 10.Qe2 d6 11.f4 Ng6 12.Nb3 Bxe3+ 13.Qxe3 b5 14.a3 O-O 15.Rae1
Bb7 16.e5 dxe5 17.fxe5 Nd5 18.Nxd5 Bxd5 19.Bxg6 hxg6 20.Nd4 Qb7 21.Rf2 a5 
22.h4 b4 23.axb4 axb4 24.Qh3 Ra5 25.h5 gxh5 26.Qxh5 Rfa8 27.Re3 g6 28.Qh6 
Qb8 29.Rf4 Qf8 30.Qxf8+ Kxf8 31.Nf3 Rc5 1/2-1/2